000 01178cam a22002891 4500
001 4536301
005 19990401105455.6
008 740518m19671971nyua 000 0 eng
010 _a 67027972
020 _a0671210866
040 _aDLC
_cDLC
_dDLC
041 1 _aengund
050 0 0 _aT47
_b.V35
082 0 0 _a603
_222
_bWAY
100 1 _96639
245 1 4 _aThe Way Things Work:
_bAn Illustrated Encyclopedia of Technology
260 _aNew York:
_bSimon and Schuster,
_c1967
300 _a590 p. :
_bcol. ill.;
_c22 cm.
500 _aVol. 1, a translation and adaptation by C. van Amerongen of the rev. ed. of Wie funktioniert das?
650 0 _aTechnology
_93445
_vEncyclopedias.
700 _96639
_aVan Amerongen, C.
_eTranslator
710 2 _aBibliographisches Institut (Mannheim, Germany).
_96640
710 2 _aBibliographisches Institut (Mannheim, Germany).
_96641
942 _2ddc
_cBB
999 _c11947
_d11947